| 000 | 01522nam0a2200337 i 4500 | ||
|---|---|---|---|
| 001 | RU\NLR\BIBL_A\010981610 | ||
| 005 | 20260406025437.0 | ||
| 010 |
_a9785439611232 _93000 |
||
| 021 |
_aRU _b2016-6349 _9404 |
||
| 035 | _a(NILC)RuMoRGB-008131349 | ||
| 035 | _a(NLR Aleph) 010981610 | ||
| 090 |
_a10875856 _c10875856 |
||
| 100 | _a20160215d2016 km y0rusy50 ca | ||
| 101 | 0 | _arus | |
| 102 | _aRU | ||
| 105 | _ay|||z|||000zy | ||
| 200 | 1 |
_aИнтеллектуальные права: господствующая парадигма и перспективы правовой политики _e(теоретико-правовое исследование) _eмонография _fЕ. А. Войниканис |
|
| 210 |
_aМосква _cЮрлитинформ _d2016 |
||
| 215 |
_a277 с. _d22 |
||
| 225 | 1 | _aТеория и история государства и права | |
| 300 | _aНа обороте тит. л. авт.: Войниканис Е.А., к.филос.н. | ||
| 320 | _aБиблиогр.: с. 246-276 (451 назв.) и в подстроч. примеч. | ||
| 606 | 1 |
_aИсключительные права _yРоссийская Федерация _92134353 _3RU\NLR\AUTH\661287211 |
|
| 686 | 1 | _aХ623.4 | |
| 686 | 1 | _aХ623.3 | |
| 700 | 1 |
_8rus _7ca _aВойниканис _bЕ. А. _gЕлена Анатольевна _3RU\NLR\AUTH\77127102 _9110026 |
|
| 801 | 0 |
_aRU _bРГБ _c20160201 _gRCR |
|
| 942 | _cBOOK | ||
| 980 | _aNBR | ||